| 000 | 01099nam a2200229Ia 4500 | ||
|---|---|---|---|
| 999 |
_c44991 _d44991 |
||
| 001 | 11812 | ||
| 003 | GE_BSU | ||
| 005 | 20240618104926.0 | ||
| 008 | 181216s2014||||ge |||||||||||||| ||geo|| | ||
| 020 | _a9789941445644 | ||
| 040 | _cGE_BSU | ||
| 041 | _ageo | ||
| 080 | _a329.150.1(092სტალინი) გ-97 | ||
| 100 |
_aგურული, ვახტანგ _922463 |
||
| 245 |
_aმეფე–მამა : სტალინის დიდი ექსპერიმენტი / _cვახტანგ გურული ; რედ. სერგო ვარდოსანიძე. |
||
| 250 | _aმეორე შევსებული და გადამუშავებული გამოცემა | ||
| 264 |
_aთბილისი : _bარტანუჯი, _c2014. |
||
| 300 |
_a234 გვ. ; _c20 სმ. |
||
| 653 | _aმეფე–მამა : სტალინის დიდი ექსპერიმენტი | ||
| 700 |
_aვარდოსანიძე, სერგო _eრედაქტორი _922464 |
||
| 942 |
_cBK _2udc |
||